[Event "NATO-ch 22nd"]
[Site "Kaunas"]
[Date "2011.08.08"]
[Round "1.1"]
[White "Drabke, Lorenz Maximilian"]
[Black "Mottais, Francois"]
[Result "1-0"]
[WhiteElo "2472"]
[BlackElo "2065"]
[PlyCount "53"]
[EventDate "2011.08.??"]
[EventType "swiss"]
[EventRounds "7"]
[EventCountry "LTU"]
[WhiteTeam "GER"]
[BlackTeam "FRA"]

1. e4 c5 2. Nf3 d6 3. d4 cxd4 4. Nxd4 Nf6 5. f3 e5 6. Bb5+ Nbd7 7. Nf5 d5 8.
exd5 a6 9. Ba4 Qa5+ 10. Nc3 Bb4 11. Bd2 Bxc3 12. Bxd7+ Bxd7 13. Nd6+ Ke7 14.
Bxc3 Qc5 15. Bxe5 Nxd5 16. Ne4 Qe3+ 17. Qe2 f6 18. Bd6+ Kf7 19. Qxe3 Nxe3 20.
Kf2 Nc4 21. b3 f5 22. Ng5+ Kg6 23. Rad1 Kxg5 24. Be7+ Kg6 25. Rxd7 Na5 26. Rhd1
b5 27. Bb4 1-0

[Event "NATO-ch 22nd"]
[Site "Kaunas"]
[Date "2011.08.08"]
[Round "1.2"]
[White "Szczesniak, Andrzej"]
[Black "Haznedaroglu, Kivanc"]
[Result "0-1"]
[WhiteElo "2050"]
[BlackElo "2444"]
[PlyCount "68"]
[EventDate "2011.08.??"]
[EventType "swiss"]
[EventRounds "7"]
[EventCountry "LTU"]
[WhiteTeam "POL"]
[BlackTeam "TUR"]

1. c4 e5 2. Nc3 Nc6 3. g3 g6 4. Bg2 Bg7 5. d3 f5 6. e4 d6 7. Nge2 Nf6 8. O-O
O-O 9. Rb1 a5 10. a3 Be6 11. Nd5 Qd7 12. f3 Rab8 13. b4 axb4 14. axb4 b5 15.
Bd2 Kh8 16. Qc2 Ne7 17. Ne3 Nh5 18. exf5 gxf5 19. f4 exf4 20. gxf4 Ng6 21. Bc3
Rg8 22. Kh1 Rbe8 23. Bxg7+ Qxg7 24. Bc6 Bd7 25. Bxd7 Qxd7 26. Qb2+ Rg7 27. Nd5
c6 28. Ndc3 Re3 29. Qd2 Rh3 30. Rf2 Qe6 31. Rg1 bxc4 32. Nd4 Qf6 33. dxc4 Nh4
34. Nde2 Rxg1+ 0-1

[Event "NATO-ch 22nd"]
[Site "Kaunas"]
[Date "2011.08.08"]
[Round "1.5"]
[White "Erturan, Yakup"]
[Black "Pazeriene, Diana"]
[Result "1-0"]
[WhiteElo "2342"]
[BlackElo "2037"]
[PlyCount "121"]
[EventDate "2011.08.??"]
[EventType "swiss"]
[EventRounds "7"]
[EventCountry "LTU"]
[WhiteTeam "TUR"]
[BlackTeam "LTU"]

1. e4 c6 2. d4 d5 3. e5 Bf5 4. Nf3 e6 5. Be2 c5 6. O-O Nc6 7. Be3 Qb6 8. Nc3
Rc8 9. Na4 Qc7 10. Nxc5 Bxc5 11. dxc5 Nge7 12. c3 Nxe5 13. Nxe5 Qxe5 14. Bd4
Qf4 15. g3 Qc7 16. Bxg7 Rg8 17. Bb5+ Kd8 18. Bd4 Bg4 19. Be2 Bh3 20. Re1 Nf5
21. Bf3 h5 22. Bf6+ Ke8 23. Qxd5 h4 24. Be5 Qxc5 25. Qxc5 Rxc5 26. Bxb7 Ke7 27.
Bg2 Bxg2 28. Kxg2 f6 29. Bf4 e5 30. Be3 Nxe3+ 31. Rxe3 Rd5 32. Rae1 hxg3 33.
hxg3 Rc8 34. R3e2 Ke6 35. Rc2 a5 36. c4 Rd4 37. b3 Kd6 38. Rh1 Kc5 39. Rh7 Kb6
40. Rf7 Rc6 41. Kf3 a4 42. bxa4 Kc5 43. Rb7 Rb6 44. Rxb6 Kxb6 45. a5+ Kc5 46.
Ke3 f5 47. Rc3 f4+ 48. gxf4 exf4+ 49. Kf3 Rd2 50. a3 Kd4 51. Rc1 Kc5 52. a6
Rd3+ 53. Kxf4 Rxa3 54. Ke5 Rxa6 55. f4 Ra8 56. f5 Re8+ 57. Kf6 Rf8+ 58. Ke6
Re8+ 59. Kf7 Re4 60. f6 Rf4 61. Ke7 1-0

[Event "NATO-ch 22nd"]
[Site "Kaunas"]
[Date "2011.08.08"]
[Round "1.7"]
[White "Helbig, Mark"]
[Black "Demjen, Attila"]
[Result "1-0"]
[WhiteElo "2315"]
[BlackElo "2032"]
[PlyCount "79"]
[EventDate "2011.08.??"]
[EventType "swiss"]
[EventRounds "7"]
[EventCountry "LTU"]
[WhiteTeam "GER"]
[BlackTeam "HUN"]

1. d4 Nf6 2. c4 g6 3. g3 d6 4. Bg2 Bg7 5. Nc3 c6 6. Nf3 O-O 7. O-O Bg4 8. h3
Bxf3 9. Bxf3 Nbd7 10. b3 e5 11. e3 exd4 12. exd4 Nb6 13. a4 a5 14. Be3 d5 15.
Qd3 Re8 16. Rfe1 Qd7 17. Bg2 Rad8 18. Rab1 Nc8 19. cxd5 Nxd5 20. Nxd5 cxd5 21.
Rbc1 Ne7 22. h4 Nc6 23. Red1 Nb4 24. Qf1 Nc6 25. Rc5 Qf5 26. Qb5 Re7 27. Rxd5
Rxd5 28. Qxd5 Qxd5 29. Bxd5 Nb4 30. Bc4 Nc2 31. Bg5 Re1+ 32. Rxe1 Nxe1 33. Bd8
Nf3+ 34. Kg2 Nxd4 35. Bxa5 Nf5 36. Bd5 Nd4 37. b4 Nc6 38. Bxc6 bxc6 39. Bb6 Bc3
40. a5 1-0

[Event "NATO-ch 22nd"]
[Site "Kaunas"]
[Date "2011.08.08"]
[Round "1.8"]
[White "Cheung, Jan W"]
[Black "Malloni, Marcello"]
[Result "1/2-1/2"]
[WhiteElo "2024"]
[BlackElo "2293"]
[PlyCount "65"]
[EventDate "2011.08.??"]
[EventType "swiss"]
[EventRounds "7"]
[EventCountry "LTU"]
[WhiteTeam "NED"]
[BlackTeam "ITA"]

1. d4 Nf6 2. c4 e6 3. Nf3 Bb4+ 4. Bd2 Qe7 5. g3 Nc6 6. Bg2 Bxd2+ 7. Nbxd2 d6 8.
O-O e5 9. d5 Nb8 10. e4 a5 11. Ne1 h5 12. f4 h4 13. Bf3 Nbd7 14. Nd3 Nc5 15.
Nf2 hxg3 16. hxg3 exf4 17. gxf4 Nh5 18. Bxh5 Qh4 19. Kg2 Qxh5 20. Qxh5 Rxh5 21.
Rh1 Rxh1 22. Rxh1 Ke7 23. Rh8 b6 24. b3 Bb7 25. Rxa8 Bxa8 26. Kf3 Bb7 27. Ke3
Bc8 28. Kd4 f6 29. Nf3 g6 30. Kc3 Bd7 31. Kd4 Bc8 32. Kc3 Bd7 33. Kd4 1/2-1/2

[Event "NATO-ch 22nd"]
[Site "Kaunas"]
[Date "2011.08.08"]
[Round "1.9"]
[White "Sypien, Mateusz"]
[Black "Almonti, Alessandro"]
[Result "1/2-1/2"]
[WhiteElo "2283"]
[BlackElo "2022"]
[PlyCount "63"]
[EventDate "2011.08.??"]
[EventType "swiss"]
[EventRounds "7"]
[EventCountry "LTU"]
[WhiteTeam "POL"]
[BlackTeam "ITA"]

1. c4 e5 2. Nc3 Nc6 3. g3 g6 4. Bg2 Bg7 5. e3 f5 6. Nge2 Nf6 7. d4 d6 8. dxe5
dxe5 9. Qxd8+ Nxd8 10. e4 c6 11. O-O O-O 12. b3 Ne6 13. Be3 Rd8 14. exf5 gxf5
15. Rad1 Kf7 16. Bh3 Rxd1 17. Rxd1 Ng5 18. Bg2 Ne6 19. Na4 Bf8 20. Nb2 e4 21.
f3 exf3 22. Bxf3 Ne4 23. Kg2 Nf6 24. Nd4 Be7 25. Nxf5 Nf4+ 26. gxf4 Bxf5 27. h3
Rg8+ 28. Kh2 Ne4 29. Rg1 Rd8 30. Bg4 Bxg4 31. hxg4 Nf6 32. Rg2 1/2-1/2

[Event "NATO-ch 22nd"]
[Site "Kaunas"]
[Date "2011.08.08"]
[Round "1.10"]
[White "Koopmeiners, Karl"]
[Black "Pedersen, Finn"]
[Result "0-1"]
[WhiteElo "2022"]
[BlackElo "2279"]
[PlyCount "85"]
[EventDate "2011.08.??"]
[EventType "swiss"]
[EventRounds "7"]
[EventCountry "LTU"]
[WhiteTeam "NATO"]
[BlackTeam "DEN"]

1. d4 d5 2. c4 c6 3. Nf3 Nf6 4. e3 Bg4 5. Nc3 e6 6. h3 Bh5 7. g4 Bg6 8. Ne5
Nbd7 9. h4 dxc4 10. Nxg6 hxg6 11. Bxc4 Nd5 12. g5 Bb4 13. Bd2 Qa5 14. Qc2 N7b6
15. Be2 Nxc3 16. bxc3 Be7 17. e4 Nd7 18. f4 c5 19. c4 Qa3 20. Qc3 cxd4 21. Qxd4
e5 22. Qc3 exf4 23. Qxa3 Bxa3 24. Bxf4 Nc5 25. Rb1 Ne6 26. Be5 b6 27. Kf2 Rd8
28. Rbd1 Rxd1 29. Bxd1 Nxg5 30. Bxg7 Rh7 31. Be5 Nxe4+ 32. Ke3 f5 33. Ba4+ Ke7
34. Bb8 Bc5+ 35. Kf4 Bd6+ 36. Bxd6+ Nxd6 37. Kg5 Kf7 38. Bc6 Rh5+ 39. Kf4 Kf6
40. Bd5 Rxh4+ 41. Rxh4 g5+ 42. Kg3 gxh4+ 43. Kxh4 0-1

[Event "NATO-ch 22nd"]
[Site "Kaunas"]
[Date "2011.08.08"]
[Round "1.12"]
[White "Rosenkilde, Alexander"]
[Black "Lustig, Mickael"]
[Result "1-0"]
[WhiteElo "2235"]
[BlackElo "2019"]
[PlyCount "69"]
[EventDate "2011.08.??"]
[EventType "swiss"]
[EventRounds "7"]
[EventCountry "LTU"]
[WhiteTeam "DEN"]
[BlackTeam "NATO"]

1. d4 Nf6 2. c4 g6 3. Nc3 Bg7 4. e4 d6 5. Nf3 O-O 6. Be2 c5 7. O-O cxd4 8. Nxd4
Nc6 9. Be3 Ne5 10. h3 Be6 11. b3 Rc8 12. Rc1 h6 13. Qd2 g5 14. h4 Nfg4 15. Bxg4
Nxg4 16. hxg5 Nxe3 17. Qxe3 hxg5 18. Nxe6 fxe6 19. Qxg5 Rc5 20. Qg4 Kh7 21. g3
Bh6 22. Rc2 Rg5 23. Qxe6 Qe8 24. Nd5 Re5 25. Qg4 Qf7 26. c5 Rg8 27. Qh4 Qf3 28.
Rc3 Qe2 29. Re3 Qd2 30. cxd6 Kg7 31. dxe7 Rxd5 32. exd5 Bxe3 33. Qg4+ Bg5 34.
Rd1 Kh7 35. Rxd2 1-0

[Event "NATO-ch 22nd"]
[Site "Kaunas"]
[Date "2011.08.08"]
[Round "1.14"]
[White "Adkins, James D"]
[Black "Nill, Oliver"]
[Result "1/2-1/2"]
[WhiteElo "2016"]
[BlackElo "2198"]
[PlyCount "35"]
[EventDate "2011.08.??"]
[EventType "swiss"]
[EventRounds "7"]
[EventCountry "LTU"]
[WhiteTeam "USA"]
[BlackTeam "GER"]

1. f4 Nf6 2. b3 g6 3. Bb2 Bg7 4. Nf3 c5 5. e3 Nc6 6. Be2 a6 7. O-O b5 8. Ne5
Bb7 9. Bf3 Rc8 10. Nxc6 Bxc6 11. Bxc6 Rxc6 12. a4 O-O 13. axb5 axb5 14. Qe2 Qb6
15. Na3 Rb8 16. Rfb1 Nd5 17. Bxg7 Kxg7 18. c4 1/2-1/2

[Event "NATO-ch 22nd"]
[Site "Kaunas"]
[Date "2011.08.08"]
[Round "1.15"]
[White "Mestek, Igor"]
[Black "Skwarczynski, Marcin"]
[Result "1-0"]
[WhiteElo "2195"]
[BlackElo "2011"]
[PlyCount "39"]
[EventDate "2011.08.??"]
[EventType "swiss"]
[EventRounds "7"]
[EventCountry "LTU"]
[WhiteTeam "SLO"]
[BlackTeam "NATO"]

1. e4 Nf6 2. e5 Nd5 3. c4 Nb6 4. a4 a5 5. c5 Nd5 6. Bc4 e6 7. Nc3 Nxc3 8. bxc3
Bxc5 9. Qg4 O-O 10. d4 f5 11. exf6 Qxf6 12. Nf3 Be7 13. Bd3 Nc6 14. Ra2 Qf7 15.
h4 d5 16. Bxh7+ Kxh7 17. Ng5+ Bxg5 18. hxg5+ Kg6 19. Qh5+ Kf5 20. g6+ 1-0

[Event "NATO-ch 22nd"]
[Site "Kaunas"]
[Date "2011.08.08"]
[Round "1.16"]
[White "Dawson, David"]
[Black "Van Rijn, Wouter"]
[Result "0-1"]
[WhiteElo "2000"]
[BlackElo "2191"]
[PlyCount "61"]
[EventDate "2011.08.??"]
[EventType "swiss"]
[EventRounds "7"]
[EventCountry "LTU"]
[WhiteTeam "ENG"]
[BlackTeam "NED"]

1. e4 c5 2. Nf3 d6 3. Bb5+ Nc6 4. Bxc6+ bxc6 5. O-O e5 6. Re1 Nf6 7. c3 Be7 8.
d4 cxd4 9. cxd4 Qc7 10. h3 O-O 11. dxe5 dxe5 12. Nbd2 Nd7 13. Nc4 f6 14. Bd2
Nc5 15. Qc2 Ne6 16. Ba5 Qb8 17. Rad1 Bc5 18. Bc3 Ba6 19. Qa4 Qb5 20. Qxb5 cxb5
21. Ne3 b4 22. Bd2 Nf4 23. Bc1 Nd3 24. Re2 Nxc1 25. Rxc1 Bxe2 26. Rxc5 Rfc8 27.
Ra5 Rc1+ 28. Kh2 Rb1 29. b3 Bd3 30. Nd2 Rb2 31. Ndc4 0-1

[Event "NATO-ch 22nd"]
[Site "Kaunas"]
[Date "2011.08.08"]
[Round "1.17"]
[White "Harwood, Duncan J"]
[Black "Patron, Pascal"]
[Result "1-0"]
[WhiteElo "2180"]
[BlackElo "1997"]
[PlyCount "77"]
[EventDate "2011.08.??"]
[EventType "swiss"]
[EventRounds "7"]
[EventCountry "LTU"]
[WhiteTeam "ENG"]
[BlackTeam "NATO"]

1. e4 c5 2. Nc3 d6 3. Nge2 Nf6 4. d4 cxd4 5. Nxd4 e5 6. Bb5+ Nbd7 7. Nf5 a6 8.
Bxd7+ Qxd7 9. g4 g6 10. Bg5 Nxg4 11. Qxg4 gxf5 12. Qh5 Be7 13. Nd5 Bxg5 14.
Qxg5 Qd8 15. Nf6+ Ke7 16. O-O-O f4 17. Ng4+ Ke8 18. Qxd8+ Kxd8 19. Nxe5 Ke7 20.
Nc4 Bg4 21. Rd4 Rad8 22. Nb6 Ke6 23. Re1 Rhg8 24. Rd3 Rg5 25. h3 Bh5 26. Nd5
Ke5 27. Rc3 Rd7 28. Rc8 f6 29. Nb6 Rdg7 30. Nc4+ Ke6 31. Rd8 Rg1 32. Rxg1 Rxg1+
33. Kd2 Ke7 34. Rb8 b5 35. Rb7+ Ke6 36. Nb6 Rf1 37. Nd5 Rxf2+ 38. Kc3 Rf3+ 39.
Kd4 1-0

[Event "NATO-ch 22nd"]
[Site "Kaunas"]
[Date "2011.08.08"]
[Round "1.18"]
[White "Geroly, Jozsef"]
[Black "Jauk, Wilhelm"]
[Result "0-1"]
[WhiteElo "1978"]
[BlackElo "2164"]
[PlyCount "54"]
[EventDate "2011.08.??"]
[EventType "swiss"]
[EventRounds "7"]
[EventCountry "LTU"]
[WhiteTeam "HUN"]
[BlackTeam "GER"]

1. d4 c5 2. Nf3 d5 3. g3 cxd4 4. Bg2 Nc6 5. Nxd4 Nf6 6. O-O e6 7. c4 Be7 8. Nc3
O-O 9. a3 Na5 10. cxd5 exd5 11. Bf4 a6 12. Qd3 Be6 13. b4 Nc4 14. Nf5 Re8 15.
Nxe7+ Rxe7 16. Na4 b6 17. Qd4 Rc8 18. Rfc1 h6 19. Rc3 Bd7 20. Bxd5 Bxa4 21.
Rxc4 Nxd5 22. Rxc8 Qxc8 23. Qxd5 Rxe2 24. Be3 Bc6 25. Rc1 Re1+ 26. Rxe1 Bxd5
27. Bxb6 Qh3 0-1

[Event "NATO-ch 22nd"]
[Site "Kaunas"]
[Date "2011.08.08"]
[Round "1.19"]
[White "Papista, Akos"]
[Black "Crapulli, Giuseppe"]
[Result "1/2-1/2"]
[WhiteElo "2158"]
[BlackElo "1976"]
[PlyCount "118"]
[EventDate "2011.08.??"]
[EventType "swiss"]
[EventRounds "7"]
[EventCountry "LTU"]
[WhiteTeam "HUN"]
[BlackTeam "ITA"]

1. e4 c5 2. Nf3 e6 3. d4 cxd4 4. Nxd4 a6 5. Nc3 Qc7 6. Be3 Nc6 7. Qd2 Nf6 8. f3
Bb4 9. a3 Bxc3 10. Qxc3 d5 11. Nxc6 Qxc6 12. Bd4 Qxc3+ 13. Bxc3 dxe4 14. Bxf6
gxf6 15. fxe4 Bd7 16. Bd3 Ke7 17. O-O Bc6 18. Rf4 Rag8 19. g3 h5 20. Rb1 Rg4
21. Rxg4 hxg4 22. Rf1 e5 23. Rf2 Bd7 24. Kf1 Be6 25. Ke2 Bc8 26. b3 a5 27. a4
b6 28. Kd2 Rd8 29. Kc3 Rd4 30. Rf1 Bd7 31. Kd2 Be6 32. Ke3 Rd8 33. Rf2 Rc8 34.
Kd2 Rd8 35. Kc3 Rd4 36. Re2 Bc8 37. Re3 Bb7 38. Kb2 Bc8 39. c3 Rd8 40. Kc2 Be6
41. c4 Kd6 42. Re2 Kc5 43. Kc3 Rd6 44. Rf2 Bd7 45. Bc2 Bc8 46. Rf1 Bd7 47. Rb1
Rd4 48. Rf1 Rd6 49. Bd3 Bc8 50. Re1 Bd7 51. Re2 Bc8 52. Re1 Bd7 53. Rb1 Rd4 54.
Rf1 Rd6 55. Bc2 Bc8 56. Bd3 Bd7 57. Bc2 Bc8 58. Bd3 Bd7 59. Bb1 Bc8 1/2-1/2

[Event "NATO-ch 22nd"]
[Site "Kaunas"]
[Date "2011.08.08"]
[Round "1.21"]
[White "Tommasini, Enzo"]
[Black "Steffers, Hendrik"]
[Result "1-0"]
[WhiteElo "2154"]
[BlackElo "1959"]
[PlyCount "57"]
[EventDate "2011.08.??"]
[EventType "swiss"]
[EventRounds "7"]
[EventCountry "LTU"]
[WhiteTeam "ITA"]
[BlackTeam "NATO"]

1. d4 d5 2. c4 e6 3. Nf3 Nf6 4. g3 c6 5. Bg2 Nbd7 6. Nbd2 Qa5 7. O-O Be7 8. Qc2
O-O 9. b3 Re8 10. Bb2 Ba3 11. h3 Bxb2 12. Qxb2 Qc7 13. Rac1 Nf8 14. Ne5 Qe7 15.
Rfd1 Bd7 16. e4 dxe4 17. Nxe4 Nxe4 18. Bxe4 Rad8 19. c5 Bc8 20. Nc4 Qg5 21. Nd6
Re7 22. h4 Qg4 23. Re1 Ng6 24. Qe2 Qxe2 25. Rxe2 Red7 26. Bxg6 hxg6 27. b4 b5
28. a4 bxa4 29. Ra2 {and white won} 1-0

[Event "NATO-ch 22nd"]
[Site "Kaunas"]
[Date "2011.08.08"]
[Round "1.20"]
[White "Chwieseni, Edward"]
[Black "Kapral, Krzysztof"]
[Result "0-1"]
[WhiteElo "1960"]
[BlackElo "2157"]
[PlyCount "66"]
[EventDate "2011.08.??"]
[EventType "swiss"]
[EventRounds "7"]
[EventCountry "LTU"]
[WhiteTeam "ENG"]
[BlackTeam "POL"]

1. e4 c5 2. Nf3 Nc6 3. Bc4 e6 4. c3 d5 5. exd5 exd5 6. Bb5 Bd6 7. d4 Nge7 8.
Be3 Nf5 9. Ne5 Bxe5 10. dxe5 Nxe3 11. fxe3 O-O 12. Bxc6 bxc6 13. O-O Qg5 14.
Qf3 Qxe5 15. Nd2 Ba6 16. Rf2 Rae8 17. Re1 f5 18. g3 Bd3 19. Nb3 Qe7 20. Na5 Rf6
21. Nxc6 Qd7 22. Nxa7 Be4 23. Qe2 Qxa7 24. b4 c4 25. Qb2 Bd3 26. Rf3 Ra6 27.
Rf2 Rxe3 28. Rxe3 Qxe3 29. b5 Qe1+ 30. Kg2 Be4+ 31. Rf3 Qd1 32. bxa6 Qxf3+ 33.
Kg1 Qh1+ 0-1

[Event "NATO-ch 22nd"]
[Site "Kaunas"]
[Date "2011.08.08"]
[Round "1.22"]
[White "Mankauskas, Donatas"]
[Black "Lazar, Ales Sr"]
[Result "1/2-1/2"]
[WhiteElo "1958"]
[BlackElo "2150"]
[PlyCount "122"]
[EventDate "2011.08.??"]
[EventType "swiss"]
[EventRounds "7"]
[EventCountry "LTU"]
[WhiteTeam "LTU"]
[BlackTeam "SLO"]

1. d4 d5 2. c4 e6 3. Nc3 Nf6 4. Nf3 c6 5. e3 Nbd7 6. a3 Bd6 7. Qc2 O-O 8. Bd3
dxc4 9. Bxc4 e5 10. O-O Qc7 11. h3 h6 12. Nh4 exd4 13. exd4 Nb6 14. Bd3 Bf4 15.
Nf5 Nbd5 16. g3 Bxc1 17. Raxc1 Be6 18. Qd2 Bxf5 19. Bxf5 Qd6 20. Ne4 Nxe4 21.
Bxe4 Rad8 22. Rfd1 Rd7 23. Qc2 Rfd8 24. Bf5 Re7 25. Be4 a6 26. Kg2 Qf6 27. Bf3
Red7 28. Qb3 Qe6 29. Qd3 Qd6 30. Bg4 Re7 31. Rd2 g6 32. Bf3 Red7 33. Rcd1 h5
34. Qb3 Qe6 35. Qd3 Qf6 36. Qb3 Qd6 37. Qd3 h4 38. Qb3 hxg3 39. fxg3 Qe6 40.
Bxd5 Rxd5 41. Qc3 R8d6 42. g4 Qd7 43. b4 a5 44. Qe3 axb4 45. axb4 Re6 46. Qf3
Qe7 47. Rf1 Re3 48. Qf4 Re4 49. Qf2 Rd7 50. b5 cxb5 51. Rb1 b4 52. Rb3 Rd5 53.
Rbd3 Re6 54. Qf3 Qd7 55. Qf4 Red6 56. Qe4 b3 57. Rxb3 Rxd4 58. Rxd4 Rxd4 59.
Rxb7 Rd2+ 60. Kf3 Qd8 61. Re7 Kf8 1/2-1/2

[Event "NATO-ch 22nd"]
[Site "Kaunas"]
[Date "2011.08.08"]
[Round "1.23"]
[White "Nielsen, Rene O"]
[Black "Vinoya, Mario"]
[Result "1-0"]
[WhiteElo "2149"]
[BlackElo "1953"]
[PlyCount "65"]
[EventDate "2011.08.??"]
[EventType "swiss"]
[EventRounds "7"]
[EventCountry "LTU"]
[WhiteTeam "DEN"]
[BlackTeam "USA"]

1. e4 e6 2. d4 d5 3. Nd2 Nf6 4. e5 Nfd7 5. Bd3 c5 6. c3 Nc6 7. Ne2 Qb6 8. Nf3
h6 9. O-O a6 10. b3 cxd4 11. cxd4 Be7 12. Be3 Nf8 13. Rc1 Bd7 14. Nc3 Ba3 15.
Na4 Qd8 16. Rc3 Bb4 17. Rc2 Be7 18. Bd2 Nb4 19. Bxb4 Bxb4 20. Nc5 Bc6 21. Qc1
Qa5 22. a4 Nd7 23. Nxd7 Bxd7 24. Qf4 O-O 25. g4 f6 26. Qe3 Qd8 27. exf6 Qxf6
28. Ne5 Rad8 29. f4 Be7 30. Ng6 Rf7 31. h4 Rff8 32. g5 Qf7 33. gxh6 1-0

[Event "NATO-ch 22nd"]
[Site "Kaunas"]
[Date "2011.08.08"]
[Round "1.24"]
[White "Van den Heuvel, Tonnie"]
[Black "Kersic, Matej"]
[Result "0-1"]
[WhiteElo "1934"]
[BlackElo "2128"]
[PlyCount "60"]
[EventDate "2011.08.??"]
[EventType "swiss"]
[EventRounds "7"]
[EventCountry "LTU"]
[WhiteTeam "NED"]
[BlackTeam "SLO"]

1. c4 Nf6 2. g3 c6 3. Bg2 d5 4. Nc3 e6 5. d3 Be7 6. Nf3 O-O 7. O-O b6 8. e4 Bb7
9. e5 Nfd7 10. Qe2 Re8 11. h4 Nf8 12. Bd2 a6 13. a4 Nbd7 14. Rae1 Nc5 15. cxd5
cxd5 16. Nd4 Qd7 17. Ra1 a5 18. b3 Ba6 19. Ncb5 Nb7 20. Be3 Rec8 21. Rac1 Rxc1
22. Rxc1 Rc8 23. Qb2 Rxc1+ 24. Qxc1 Bc5 25. Qc2 Ng6 26. f4 Ne7 27. Kf2 g6 28.
g4 Nd8 29. Nc3 Ndc6 30. Nce2 Nb4 0-1

[Event "NATO-ch 22nd"]
[Site "Kaunas"]
[Date "2011.08.08"]
[Round "1.25"]
[White "Bieluszewski, Piotr"]
[Black "Ross, David C"]
[Result "1-0"]
[WhiteElo "2120"]
[BlackElo "1925"]
[PlyCount "83"]
[EventDate "2011.08.??"]
[EventType "swiss"]
[EventRounds "7"]
[EventCountry "LTU"]
[WhiteTeam "POL"]
[BlackTeam "NATO"]

1. e4 e5 2. Nf3 Nc6 3. Bb5 a6 4. Ba4 Nf6 5. O-O d6 6. Re1 b5 7. Bb3 Na5 8. c3
Nxb3 9. axb3 Be7 10. d4 exd4 11. Nxd4 Bb7 12. Qd3 O-O 13. Bf4 Re8 14. Nd2 Nh5
15. Be3 Bg5 16. f3 d5 17. exd5 Qxd5 18. b4 Nf4 19. Bxf4 Bxf4 20. Nf1 Rad8 21.
Qc2 Qg5 22. Qf2 h5 23. Nb3 Rxe1 24. Rxe1 Rd3 25. Re8+ Kh7 26. Qc2 Qg6 27. Nc5
Bc6 28. Qxd3 Bxe8 29. Qxg6+ Kxg6 30. Nxa6 Bc1 31. b3 Bf4 32. Kf2 Kf6 33. Ke2
Ke6 34. g3 Bd6 35. Nd2 f5 36. f4 Kf6 37. Nf3 Bf7 38. Nd4 Bxb3 39. Nxb3 g5 40.
Ke3 gxf4+ 41. gxf4 Ke6 42. Nd4+ 1-0

[Event "NATO-ch 22nd"]
[Site "Kaunas"]
[Date "2011.08.08"]
[Round "1.26"]
[White "Kruit, Erik"]
[Black "Oltean, Gusztav"]
[Result "1-0"]
[WhiteElo "1914"]
[BlackElo "2118"]
[PlyCount "67"]
[EventDate "2011.08.??"]
[EventType "swiss"]
[EventRounds "7"]
[EventCountry "LTU"]
[WhiteTeam "NED"]
[BlackTeam "HUN"]

1. e4 c6 2. d4 d5 3. e5 Bf5 4. c4 e6 5. Nf3 dxc4 6. Bxc4 Nd7 7. O-O Nb6 8. Bd3
Bg4 9. Be4 Qd7 10. Be3 Ne7 11. Nc3 Ned5 12. h3 Bh5 13. Qe2 Be7 14. Rac1 Bg6 15.
Bxg6 hxg6 16. Bg5 Nxc3 17. bxc3 Ba3 18. Rb1 Rh5 19. Rb3 Bf8 20. Rfb1 Rb8 21. a4
Nc8 22. c4 b6 23. d5 cxd5 24. cxd5 Be7 25. dxe6 Qxe6 26. Bf4 Rb7 27. Nd4 Qd5
28. Nb5 Kf8 29. g4 Rh4 30. Rc3 Qe6 31. Qf3 Rb8 32. Rc6 Qa2 33. Rd1 Qxa4 34. e6
1-0

[Event "NATO-ch 22nd"]
[Site "Kaunas"]
[Date "2011.08.08"]
[Round "1.27"]
[White "Nielsen, Jan Mose"]
[Black "De Cat, Ben"]
[Result "1-0"]
[WhiteElo "2116"]
[BlackElo "1900"]
[PlyCount "67"]
[EventDate "2011.08.??"]
[EventType "swiss"]
[EventRounds "7"]
[EventCountry "LTU"]
[WhiteTeam "DEN"]
[BlackTeam "BEL"]

1. d4 Nf6 2. Nf3 d6 3. Nc3 c6 4. e4 Bg4 5. Bd3 e5 6. Be3 Nbd7 7. Qd2 Be7 8. h3
Bxf3 9. gxf3 Qc7 10. Rg1 Nh5 11. Ne2 c5 12. c3 O-O-O 13. b4 Kb8 14. a4 h6 15.
Qa2 Rhf8 16. a5 exd4 17. cxd4 d5 18. bxc5 dxe4 19. Bxe4 f5 20. Bd5 Ndf6 21. Bc4
f4 22. Bd2 a6 23. Rb1 Ka7 24. Rg6 Qd7 25. Qb2 Rfe8 26. Qb6+ Ka8 27. Bxa6 Rb8
28. Bb5 Qxh3 29. Bxe8 Ng3 30. Nxg3 fxg3 31. Bc6 gxf2+ 32. Kxf2 Ng4+ 33. Rxg4
Bh4+ 34. Ke3 1-0

[Event "NATO-ch 22nd"]
[Site "Kaunas"]
[Date "2011.08.08"]
[Round "1.28"]
[White "Adolfssen, Rico"]
[Black "Bucholtz, Robert"]
[Result "0-1"]
[WhiteElo "1912"]
[BlackElo "2112"]
[PlyCount "56"]
[EventDate "2011.08.??"]
[EventType "swiss"]
[EventRounds "7"]
[EventCountry "LTU"]
[WhiteTeam "DEN"]
[BlackTeam "USA"]

1. d4 d5 2. c4 dxc4 3. Nc3 e6 4. e4 c5 5. d5 a6 6. Bxc4 b5 7. Bb3 c4 8. dxe6
Qxd1+ 9. Bxd1 Bxe6 10. Bf3 Nc6 11. Be3 Ne5 12. O-O-O Nf6 13. Be2 Rc8 14. f4
Nd3+ 15. Kb1 Bb4 16. f5 Bd7 17. Bxd3 cxd3 18. Bd4 Bxc3 19. Bxc3 Rxc3 20. bxc3
Nxe4 21. Re1 Bxf5 22. g4 d2 23. Nf3 dxe1=Q+ 24. Rxe1 Bxg4 25. Rxe4+ Be6 26. Nd4
Kd7 27. Nxe6 fxe6 28. Rf4 Re8 0-1

[Event "NATO-ch 22nd"]
[Site "Kaunas"]
[Date "2011.08.08"]
[Round "1.29"]
[White "Onley, David"]
[Black "Cappon, Kaan"]
[Result "1/2-1/2"]
[WhiteElo "2105"]
[BlackElo "1899"]
[PlyCount "38"]
[EventDate "2011.08.??"]
[EventType "swiss"]
[EventRounds "7"]
[EventCountry "LTU"]
[WhiteTeam "ENG"]
[BlackTeam "BEL"]

1. e4 c5 2. Nf3 d6 3. Bb5+ Bd7 4. Bxd7+ Nxd7 5. O-O e5 6. c3 Ngf6 7. Qe2 Be7 8.
d4 Qc7 9. a4 O-O 10. h3 cxd4 11. cxd4 exd4 12. Nxd4 d5 13. Nc3 dxe4 14. Nxe4
Nxe4 15. Qxe4 Nf6 16. Qf3 Bc5 17. Nf5 Qe5 18. Ng3 Rfe8 19. Bd2 Qd5 1/2-1/2

[Event "NATO-ch 22nd"]
[Site "Kaunas"]
[Date "2011.08.08"]
[Round "1.30"]
[White "Lukjanovas, Vladas"]
[Black "Krainski, Slawomir"]
[Result "0-1"]
[WhiteElo "1893"]
[BlackElo "2099"]
[PlyCount "90"]
[EventDate "2011.08.??"]
[EventType "swiss"]
[EventRounds "7"]
[EventCountry "LTU"]
[WhiteTeam "LTU"]
[BlackTeam "POL"]

1. Nf3 Nf6 2. g3 g6 3. Bg2 Bg7 4. O-O O-O 5. d4 d6 6. Bg5 c5 7. c3 Qb6 8. Qb3
Nc6 9. Nbd2 cxd4 10. Qxb6 axb6 11. Nxd4 Bd7 12. Nc4 Ra6 13. Nb5 Ne5 14. Nxe5
Bxb5 15. Nd3 Bc4 16. a3 d5 17. Rfe1 e6 18. Ne5 Bb5 19. Nd3 Nd7 20. Rad1 Nc5 21.
Nb4 Raa8 22. Be3 Ba4 23. Rb1 Bb3 24. f4 Rfd8 25. Bd4 f6 26. e4 Nxe4 27. Bxe4
dxe4 28. Rxe4 f5 29. Bxg7 fxe4 30. Bd4 Rxd4 31. cxd4 Rd8 32. Kf2 Rxd4 33. Ke3
Rc4 34. Re1 Kf7 35. Re2 e5 36. h4 Ke6 37. Rd2 Kf5 38. fxe5 Rc1 39. Rd7 Re1+ 40.
Kf2 Rb1 41. Rxh7 Rxb2+ 42. Kg1 e3 43. Rxb7 Kg4 44. Rxb6 Kh3 45. Kf1 Bc4+ 0-1

[Event "NATO-ch 22nd"]
[Site "Kaunas"]
[Date "2011.08.08"]
[Round "1.36"]
[White "Giedraitis, Mingaudas"]
[Black "Kedzierski, Slawomir"]
[Result "0-1"]
[WhiteElo "1800"]
[BlackElo "2082"]
[PlyCount "94"]
[EventDate "2011.08.??"]
[EventType "swiss"]
[EventRounds "7"]
[EventCountry "LTU"]
[WhiteTeam "NATO"]
[BlackTeam "POL"]

1. e4 c6 2. d3 d5 3. exd5 cxd5 4. Nf3 Nc6 5. Be2 Nf6 6. c3 e5 7. O-O Be7 8. Bg5
O-O 9. b4 a6 10. a4 Be6 11. Nbd2 Qc7 12. Rb1 e4 13. Ne1 Qe5 14. Bxf6 Bxf6 15.
d4 Qg5 16. f4 exf3 17. Ndxf3 Qh6 18. Qd2 Qxd2 19. Nxd2 Ne7 20. a5 Rac8 21. Rb3
Nf5 22. Nd3 Rxc3 23. Rxc3 Bxd4+ 24. Kh1 Bxc3 25. Nb1 Bd4 26. Bf3 Ne7 27. Nd2
Rc8 28. Nb3 Rc3 29. Ndc5 Be3 30. h3 g6 31. Re1 Nc6 32. Nxe6 fxe6 33. Nc5 Bxc5
34. bxc5 Kf7 35. Rf1 Ke7 36. Re1 Kd7 37. Bg4 Nd8 38. Rf1 Rxc5 39. Rf8 Rxa5 40.
Rh8 h5 41. Rh7+ Kd6 42. Bf3 b5 43. Rg7 b4 44. Kh2 b3 45. Rg8 Nc6 46. Rg7 b2 47.
Rb7 Rb5 0-1